[Event "PRO League Atlantic 2017"]
[Site "chess.com INT"]
[Date "2017.01.25"]
[Round "3"]
[White "Yudasin, Leonid"]
[Black "Erenburg, Sergey"]
[Result "1/2-1/2"]
[WhiteTitle "GM"]
[BlackTitle "GM"]
[WhiteElo "2517"]
[BlackElo "2570"]
[WhiteTeam "New York Knights"]
[BlackTeam "Philadelphia Inventors"]
[WhiteFideId "2802341"]
[BlackFideId "2805642"]
[EventDate "2017.01.11"]

1. e4 c6 2. d4 d5 3. exd5 cxd5 4. Bd3 Nc6 5. c3 Qc7 6. Ne2 Bg4 7. Bf4 Qxf4 8.
Nxf4 Bxd1 9. Kxd1 e6 10. Nd2 Bd6 11. Ne2 Nf6 12. Nf3 a6 13. a4 Rc8 14. Ng3 Ke7
15. Re1 g6 16. Nf1 Rhd8 17. N1d2 Kf8 18. Ke2 Rc7 19. Kf1 Na5 20. g3 Rdc8 21. Re2
Nd7 22. h4 Nf6 23. Kg2 Nc6 24. Ree1 Ne7 25. Ne5 Bxe5 26. Rxe5 b5 27. axb5 axb5
28. Bxb5 Rb8 29. Ra5 Rcb7 30. c4 Nf5 31. Nf3 dxc4 32. Bxc4 Rxb2 33. Re2 R2b4 34.
Rc5 Rd8 35. Rc7 Ne8 36. Rc5 Nf6 37. Rc7 Ne8 38. Rc5 Ned6 39. Rc2 Ne4 40. Re5
Nxd4 41. Nxd4 Rxd4 42. Be2 Nf6 43. Ra5 Rd7 44. Bf3 Kg7 45. Rac5 Ra7 46. Rc7 Rba4
47. R2c4 h6 48. Rc2 Ne8 49. Rxa7 Rxa7 50. Rc5 Nd6 51. Rc2 Nf5 52. Rd2 Ra4 53.
Bc6 Rc4 54. Bb7 Kf6 55. Ba6 Rb4 56. Ra2 Rb3 57. Bc4 Rc3 58. Bb5 Nd4 59. Ba4 Rc4
60. Bd1 Rc1 61. Rd2 e5 62. f4 Nf5 63. fxe5+ Kxe5 64. Bf3 Nd4 65. Ba8 Ra1 66. Bb7
f5 67. Bf3 Ra3 68. Bb7 Rb3 69. Ba6 Rc3 70. Bb7 Ra3 71. Rb2 g5 72. hxg5 hxg5 73.
Bc8 Rc3 74. Bb7 Nb3 75. Re2+ Kd6 76. Rf2 Nd4 77. Rd2 Ke5 78. Ba8 Rc5 79. Rb2 Ra5
80. Bb7 Ne6 81. Re2+ Kf6 82. Rd2 Nc5 83. Bc6 Ne6 84. Bd7 Nc7 85. Re2 Rd5 86. Bc8
Rd8 87. Bb7 Ne6 88. Ra2 Rb8 89. Bf3 Nd4 90. Bd5 Ke5 91. Bf3 Rb3 92. Ba8 Re3 93.
Ra5+ Kf6 94. Ra6+ Ke7 95. Ra2 Kd6 96. Kf2 Rc3 97. Ra6+ Ke5 98. Ra5+ Kf6 99. Ra6+
Ke7 100. Ra2 Rc5 101. Rd2 Ne6 102. Bd5 Nc7 103. Ba2 Ne8 104. Re2+ Kf8 105. Be6
Nd6 106. Kg2 Kg7 107. Rd2 Ne4 108. Rd5 Rxd5 109. Bxd5 Kf6 110. Kf3 Ke5 111. Bg8
Nf6 112. Bb3 Nd5 113. Bc2 Nb4 114. Bb3 Nc6 115. Ke3 Nd4 116. Bc4 Nc2+ 117. Kf3
Kd4 118. Be6 Ke5 119. Bc4 Nb4 120. Ke3 Nd5+ 121. Kf3 Nf6 122. Ke3 g4 123. Kf2
Ne4+ 124. Kg2 Kd4 125. Be6 Nd6 126. Bd7 Ke4 127. Be6 Nb5 128. Bd7 Nd4 129. Bc8
Nc2 130. Kf2 Ne3 131. Bd7 Kd3 132. Bc8 Ke4 133. Bb7+ Nd5 134. Ke2 Kd4 135. Kf2
Nc3 136. Bc8 Ne4+ 137. Kg2 Nd6 138. Bd7 Ke3 139. Be6 Ke2 140. Bd7 Nc4 141. Bc6
Ne3+ 142. Kg1 Nc2 143. Kg2 Nd4 144. Bd7 Ke3 145. Bc8 Ke4 146. Bb7+ Kd3 147. Bc8
Ke2 148. Bd7 Nc2 149. Bc6 Ne1+ 150. Kg1 Nf3+ 151. Kg2 Ne5 152. Bb7 Nc4 153. Bc6
Nd6 154. Bd7 Ke3 155. Bc6 Nc8 156. Bd7 Ne7 157. Be6 Ke4 158. Bb3 Nd5 159. Bc2+
Kd4 160. Kf2 Ke5 161. Bb3 Nc3 162. Bc2 Ne4+ 163. Kg2 Nc5 164. Bb1 Ne6 165. Bd3
Ng5 166. Ba6 Ne4 167. Bc8 Nd6 168. Ba6 Kd4 169. Kf2 Ke4 170. Kg2 Ke3 171. Bf1
Kd2 172. Ba6 Ke1 173. Kg1 Ne4 174. Kg2 Nd6 175. Kg1 Kd1 176. Kf2 Kd2 177. Kg2
Ke3 178. Bf1 Kd2 179. Kf2 Ne4+ 180. Kg2 Ke3 181. Bc4 Nc5 182. Bb5 Kd4 183. Kf2
Ne4+ 184. Kg2 Nc5 185. Kf2 Ke5 186. Kg2 Ne4 187. Bd7 Kf6 188. Bc6 Kg5 189. Bd7
Nc5 190. Bc6 Kf6 191. Kf2 Ke5 192. Kg2 Ne6 193. Bd7 Nd4 194. Kf2 Kd6 195. Ba4
Kc5 196. Be8 Nc6 197. Ke3 Ne7 1/2-1/2

[Event "PRO League Atlantic 2017"]
[Site "chess.com INT"]
[Date "2017.01.25"]
[Round "3"]
[White "Yudasin, Leonid"]
[Black "Norowitz, Yaacov"]
[Result "1/2-1/2"]
[WhiteTitle "GM"]
[BlackTitle "IM"]
[WhiteElo "2517"]
[BlackElo "2429"]
[WhiteTeam "New York Knights"]
[BlackTeam "Philadelphia Inventors"]
[WhiteFideId "2802341"]
[BlackFideId "2024799"]
[EventDate "2017.01.11"]

1. e4 c6 2. d4 d5 3. e5 Bf5 4. Nf3 e6 5. Nbd2 Ne7 6. Nb3 Bg6 7. Be2 Nf5 8. O-O
a6 9. a4 Nd7 10. c3 c5 11. dxc5 Bxc5 12. Bf4 O-O 13. Nxc5 Nxc5 14. a5 Rc8 15.
Nd4 Qh4 16. Nxf5 Bxf5 17. Bg3 Qe7 18. Re1 Bg6 19. Bf1 Rfd8 20. f3 d4 21. cxd4
Nd3 22. Bxd3 Rxd4 23. Ra3 Rcd8 24. Qc1 Bxd3 25. Bf2 Rc4 26. Rc3 Rxc3 27. Qxc3
Bb5 28. Bc5 1/2-1/2

[Event "PRO League Atlantic 2017"]
[Site "chess.com INT"]
[Date "2017.01.25"]
[Round "3"]
[White "Kumar, Nikhil"]
[Black "Macagno, Sergio"]
[Result "0-1"]
[WhiteTitle "FM"]
[BlackTitle "FM"]
[WhiteElo "2379"]
[BlackElo "2320"]
[WhiteTeam "Miami Champions"]
[BlackTeam "Patagonia Penguins"]
[WhiteFideId "30909040"]
[BlackFideId "100773"]
[EventDate "2017.01.11"]

1. d4 Nf6 2. c4 d6 3. Nc3 Nbd7 4. e4 e5 5. Nf3 Be7 6. Be2 O-O 7. O-O c6 8. Qc2
Re8 9. Rd1 Qc7 10. h3 Bf8 11. Be3 b6 12. Rac1 Bb7 13. b4 a6 14. a4 exd4 15. Nxd4
c5 16. bxc5 bxc5 17. Nf3 Nxe4 18. Nd5 Bxd5 19. cxd5 Qa7 20. Bd3 Nef6 21. Ng5 g6
22. Nf3 Nb6 23. Bc4 Bg7 24. Bf4 Nxc4 25. Qxc4 Re4 26. Bxd6 Rxc4 27. Rxc4 Nd7 28.
Bg3 Qb6 29. Nd2 Re8 30. Kh2 Qb2 31. Ne4 Qe2 32. Nd6 Qxd1 33. Nxe8 Qxd5 0-1

[Event "PRO League Atlantic 2017"]
[Site "chess.com INT"]
[Date "2017.01.25"]
[Round "3"]
[White "Kumar, Nikhil"]
[Black "Peralta, Fernando"]
[Result "0-1"]
[WhiteTitle "FM"]
[BlackTitle "GM"]
[WhiteElo "2379"]
[BlackElo "2574"]
[WhiteTeam "Miami Champions"]
[BlackTeam "Patagonia Penguins"]
[WhiteFideId "30909040"]
[BlackFideId "105309"]
[EventDate "2017.01.11"]

1. d4 d5 2. c4 e6 3. Nc3 Bb4 4. e3 Nf6 5. a3 Bxc3+ 6. bxc3 c5 7. Nf3 O-O 8. Be2
dxc4 9. Bxc4 Qc7 10. Be2 b6 11. O-O Bb7 12. Qb3 Nc6 13. Rd1 Rac8 14. Bd2 Na5 15.
Qb1 Be4 16. Qa2 cxd4 17. cxd4 Bd5 18. Qb2 Nc4 19. Bxc4 Bxf3 20. gxf3 Qxc4 21.
Bb4 Rfe8 22. e4 Qb5 23. Rac1 h6 24. Qd2 Nd7 25. Bd6 Rc6 26. Bg3 Rec8 27. Rxc6
Qxc6 28. d5 exd5 29. Qxd5 Qxd5 30. Rxd5 Nc5 31. Bd6 Na4 32. Rd3 Nb2 33. Rd4 Nc4
34. Kg2 b5 35. Rd3 Rd8 36. e5 Nxe5 37. Rd4 Nc4 38. Bc5 Rxd4 39. Bxd4 Nxa3 40.
Bxa7 b4 41. Kf1 b3 42. Bd4 Nc4 43. Ke2 b2 44. Bxb2 Nxb2 45. Kd2 Nc4+ 46. Kd3 Nd6
47. Kd4 f6 48. Kd5 Nf7 49. Ke6 Ng5+ 0-1

[Event "PRO League Atlantic 2017"]
[Site "chess.com INT"]
[Date "2017.01.25"]
[Round "3"]
[White "Cheng, Bindi"]
[Black "Feng, Maggie"]
[Result "1-0"]
[WhiteTitle "IM"]
[BlackTitle "WCM"]
[WhiteElo "2397"]
[BlackElo "2164"]
[WhiteTeam "Toronto Dragons"]
[BlackTeam "Columbus Cardinals"]
[WhiteFideId "2682249"]
[BlackFideId "2078090"]
[EventDate "2017.01.11"]

1. Nf3 d5 2. g3 Bg4 3. Bg2 Nd7 4. c4 e6 5. cxd5 exd5 6. Qb3 Nc5 7. Qc2 Nf6 8.
O-O Bd6 9. Nc3 c6 10. b4 Ncd7 11. Rb1 O-O 12. d3 Re8 13. Re1 Rc8 14. Bd2 h6 15.
Qb3 Ne5 16. Nd4 Qd7 17. Na4 b6 18. Nc3 Bh3 19. Bh1 h5 20. Bg5 Nh7 21. Bf4 Nxd3
22. exd3 Bxf4 23. b5 c5 24. Nxd5 Bxg3 25. hxg3 cxd4 26. Nf4 Bg4 27. Bc6 Rxe1+
28. Rxe1 Qf5 29. Nd5 Qg5 30. Ne7+ Kh8 31. Nxc8 Bxc8 32. Re8+ Nf8 33. Rxf8+ 1-0

[Event "PRO League Atlantic 2017"]
[Site "chess.com INT"]
[Date "2017.01.25"]
[Round "3"]
[White "Cheng, Bindi"]
[Black "Wang, Jason"]
[Result "1-0"]
[WhiteTitle "IM"]
[WhiteElo "2397"]
[BlackElo "2006"]
[WhiteTeam "Toronto Dragons"]
[BlackTeam "Columbus Cardinals"]
[WhiteFideId "2682249"]
[BlackFideId "30908124"]
[EventDate "2017.01.11"]

1. Nf3 d5 2. c4 dxc4 3. Qa4+ Nd7 4. g3 e6 5. Bg2 a6 6. Qxc4 Ngf6 7. O-O Be7 8.
Qc2 O-O 9. a4 c5 10. a5 Qc7 11. d3 Nd5 12. Nc3 Nb4 13. Qa4 Nf6 14. Bf4 Bd6 15.
Bd2 Bd7 16. Qd1 Bc6 17. Bg5 Nd7 18. e4 Ne5 19. Ne1 h6 20. Be3 Rfd8 21. f4 Nexd3
22. Nxd3 Be7 23. Nd5 exd5 24. Nxb4 dxe4 25. Nxc6 Rxd1 26. Nxe7+ Qxe7 27. Rfxd1
Rd8 28. Kf2 Rd3 29. Bf1 Rb3 30. Rd2 Qe6 31. Rc1 Qg4 32. Bg2 Qe6 33. Rxc5 Rd3 34.
Rdc2 g6 35. Bf1 Rd8 36. Rc7 Qb3 37. R7c3 Qd5 38. Rd2 Qxa5 39. Rxd8+ Qxd8 40. Rc4
f5 41. Rd4 Qb6 42. Bc4+ Kf8 43. b3 Qb4 44. Rd5 Qc3 45. Rd7 b5 46. Bd5 Qc2+ 47.
Kg1 Qd1+ 48. Kf2 Qc2+ 49. Ke1 Qxh2 50. Ra7 Qxg3+ 51. Kd2 Qg2+ 52. Kc3 Ke8 53.
Bc6+ Kf8 54. Bc5+ Kg8 55. Bd5+ Kh8 56. Bd4# 1-0

[Event "PRO League Atlantic 2017"]
[Site "chess.com INT"]
[Date "2017.01.25"]
[Round "3"]
[White "Bonin, Jay R"]
[Black "Bartell, Thomas"]
[Result "0-1"]
[WhiteTitle "IM"]
[BlackTitle "IM"]
[WhiteElo "2260"]
[BlackElo "2345"]
[WhiteTeam "New York Knights"]
[BlackTeam "Philadelphia Inventors"]
[WhiteFideId "2000644"]
[BlackFideId "2017849"]
[EventDate "2017.01.11"]

1. d4 Nf6 2. Nf3 e6 3. c4 Bb4+ 4. Bd2 Qe7 5. g3 Nc6 6. Bg2 Bxd2+ 7. Nbxd2 O-O 8.
O-O d6 9. e4 e5 10. d5 Nb8 11. Ne1 a5 12. Nd3 Na6 13. a3 Bg4 14. f3 Bd7 15. b4
axb4 16. axb4 c6 17. Re1 cxd5 18. exd5 Bf5 19. Ne4 Bxe4 20. fxe4 Qc7 21. c5 Nxb4
22. Rxa8 Rxa8 23. cxd6 Qxd6 24. Nf2 Ra2 25. Re2 Rxe2 26. Qxe2 Qc5 27. h3 g6 28.
Kh2 Kg7 29. Nd1 Nc2 30. Nb2 Nd4 31. Qc4 Nd7 32. h4 b5 33. Qxc5 Nxc5 34. Kg1 f5
35. exf5 gxf5 36. Kf2 Kf6 37. Ke3 Ke7 38. Nd3 Nxd3 39. Kxd3 Kd6 0-1

[Event "PRO League Atlantic 2017"]
[Site "chess.com INT"]
[Date "2017.01.25"]
[Round "3"]
[White "Bonin, Jay R"]
[Black "Vovk, Andriy"]
[Result "0-1"]
[WhiteTitle "IM"]
[BlackTitle "GM"]
[WhiteElo "2260"]
[BlackElo "2633"]
[WhiteTeam "New York Knights"]
[BlackTeam "Philadelphia Inventors"]
[WhiteFideId "2000644"]
[BlackFideId "14114470"]
[EventDate "2017.01.11"]

1. d4 Nf6 2. Nf3 g6 3. Bg5 Bg7 4. Nbd2 d6 5. c3 h6 6. Bxf6 Bxf6 7. e4 e5 8. dxe5
dxe5 9. Nc4 Qe7 10. Qa4+ Nd7 11. Qa3 Nc5 12. O-O-O Nxe4 13. Qxe7+ Kxe7 14. Ncxe5
Nxf2 15. Re1 Nxh1 16. Nxg6+ Kd6 17. Rd1+ Kc5 18. Nxh8 Bxh8 19. Rd8 Bf6 20. Rf8
Be7 21. Rh8 a5 22. Bd3 Nf2 23. Bc2 b6 24. Rxh6 Bg4 25. Rh7 Bxf3 26. gxf3 Bg5+
27. Kb1 Re8 28. a3 Re1+ 29. Ka2 Re2 30. Kb1 Bf4 31. Rxf7 Bxh2 32. f4 Kd6 33. b4
axb4 34. axb4 Ne4 35. Kb2 Bg3 0-1

[Event "PRO League Atlantic 2017"]
[Site "chess.com INT"]
[Date "2017.01.25"]
[Round "3"]
[White "Giannatos, Peter"]
[Black "Benjamin, Joel"]
[Result "1-0"]
[BlackTitle "GM"]
[WhiteElo "2284"]
[BlackElo "2544"]
[WhiteTeam "Carolina Cobras"]
[BlackTeam "New Jersey Knockouts"]
[WhiteFideId "2041650"]
[BlackFideId "2000091"]
[EventDate "2017.01.11"]

1. d4 g6 2. Nf3 Bg7 3. e3 d6 4. Be2 Nf6 5. O-O O-O 6. b3 c5 7. c4 Nc6 8. Bb2
cxd4 9. Nxd4 Bd7 10. Nd2 a6 11. Bf3 Qa5 12. Ne4 Ne5 13. Nxf6+ Bxf6 14. Bxb7 Rab8
15. Bd5 e6 16. Bc6 Bc8 17. Qe2 Qb6 18. Be4 a5 19. f4 Nxc4 20. Qxc4 d5 21. Qc2
dxe4 22. Rac1 Ba6 23. Rfe1 Bd3 24. Qd2 Qb4 25. Bc3 Qd6 26. Nc6 Bxc3 27. Rxc3 Rb5
28. Rec1 Rd5 29. Qf2 a4 30. h3 Ra8 31. Ne5 axb3 32. axb3 Bb5 33. Ng4 Qd8 34. Rc7
Rd1+ 35. Rxd1 Qxd1+ 36. Kh2 Qa1 37. Qh4 Kf8 38. Ne5 Be8 39. Qxh7 1-0

[Event "PRO League Atlantic 2017"]
[Site "chess.com INT"]
[Date "2017.01.25"]
[Round "3"]
[White "Giannatos, Peter"]
[Black "Balakrishnan, Praveen"]
[Result "0-1"]
[BlackTitle "FM"]
[WhiteElo "2284"]
[BlackElo "2465"]
[WhiteTeam "Carolina Cobras"]
[BlackTeam "New Jersey Knockouts"]
[WhiteFideId "2041650"]
[BlackFideId "2064871"]
[EventDate "2017.01.11"]

1. d4 Nf6 2. Bf4 g6 3. e3 Bg7 4. Nf3 O-O 5. Be2 d6 6. h3 Nbd7 7. O-O b6 8. a4 a6
9. c3 Bb7 10. Nbd2 c5 11. Bh2 Ne4 12. Nxe4 Bxe4 13. Nd2 Bc6 14. Bf3 Qc7 15. Bxc6
Qxc6 16. Qf3 Rac8 17. Rfe1 e5 18. dxe5 dxe5 19. e4 c4 20. Nf1 Nc5 21. Ne3 Nxa4
22. Nd5 Rfe8 23. Rxa4 Qxa4 24. Nxb6 Qb3 25. Nxc8 Rxc8 26. Qe2 Rb8 27. Bg3 a5 28.
Ra1 Qb5 29. Qd2 h5 30. Qd6 Qxb2 31. Rxa5 Qc1+ 32. Kh2 Rb1 33. Bxe5 Qh1+ 34. Kg3
Rg1 35. Qd8+ Kh7 36. Bxg7 Qxg2+ 37. Kf4 Qxf2+ 38. Ke5 Kxg7 39. Rd5 Qg3+ 40. Kd4
Qd3+ 41. Kc5 Qxc3 42. Qc7 Qe3+ 43. Kd6 Qxe4 44. Qc5 Re1 45. Kc6 Rd1 0-1

[Event "PRO League Atlantic 2017"]
[Site "chess.com INT"]
[Date "2017.01.25"]
[Round "3"]
[White "Li, Chao b"]
[Black "Perez Ponsa, Federico"]
[Result "1/2-1/2"]
[WhiteTitle "GM"]
[BlackTitle "GM"]
[WhiteElo "2720"]
[BlackElo "2583"]
[WhiteTeam "Montreal ChessBrahs"]
[BlackTeam "Buenos Aires Krakens"]
[WhiteFideId "8604436"]
[BlackFideId "117927"]
[EventDate "2017.01.11"]

1. e4 c6 2. Qe2 d5 3. d3 g6 4. g3 Bg7 5. Bg2 Nf6 6. Nf3 O-O 7. O-O Bg4 8. Nbd2
e6 9. h3 Bxf3 10. Nxf3 c5 11. Bg5 h6 12. Be3 Qe7 13. e5 Nfd7 14. c3 Nxe5 15.
Nxe5 Bxe5 16. Bxh6 Bg7 17. Bxg7 Kxg7 18. Bxd5 Qc7 19. Bg2 Nd7 20. Rad1 Rad8 21.
d4 Nf6 22. Qe5 Qxe5 23. dxe5 Nd5 24. Rd3 Nb6 25. Rfd1 Rxd3 26. Rxd3 Nc4 27. Rd7
b6 28. b3 Nxe5 29. Rxa7 Rd8 30. f4 Rd1+ 31. Bf1 Nd7 32. Kg2 Nf6 33. Bc4 Nd5 34.
Bxd5 exd5 35. Ra6 Rd2+ 36. Kf3 Rd3+ 37. Kg4 b5 38. Rd6 c4 39. bxc4 bxc4 40. a4
Rxc3 41. Rxd5 Ra3 42. a5 c3 43. Rc5 c2 44. Rxc2 Rxa5 45. Rc3 Rb5 46. Kf3 Rh5 47.
Kg2 Rf5 48. Re3 Rf6 49. Re5 Ra6 50. Kf3 Ra3+ 51. Re3 Ra1 52. g4 Ra7 53. Rd3 Rb7
54. Kg3 Ra7 55. Rf3 Rb7 56. f5 g5 57. Re3 Ra7 58. Kf3 Ra4 59. Rd3 Rb4 60. Ke3
Ra4 61. Kf3 Rb4 62. Kg3 Rb1 63. Re3 Rg1+ 64. Kf3 Ra1 65. Ke4 Ra4+ 66. Kd5 Ra5+
67. Kc6 Ra6+ 68. Kb5 Ra1 69. Rc3 Rb1+ 70. Kc4 Ra1 71. Kd5 Ra5+ 72. Kd4 Ra4+ 73.
Ke5 Ra5+ 74. Kd6 Ra6+ 75. Kd5 Ra5+ 76. Ke4 Ra4+ 77. Kf3 Ra1 78. Rd3 Rb1 79. Kg3
Rg1+ 80. Kh2 Ra1 81. Re3 Rb1 82. Re2 Ra1 83. Rf2 Rb1 84. Kg3 Rg1+ 85. Rg2 Ra1
86. Rf2 Rg1+ 87. Kf3 Ra1 88. Rh2 Ra3+ 89. Ke4 Ra4+ 90. Kd5 Ra5+ 91. Kc6 Ra4 92.
Kc5 Rf4 93. Kd5 Ra4 94. Rc2 Ra3 95. h4 gxh4 96. Rh2 h3 97. g5 Rg3 98. Ke5 1/2-1/2

[Event "PRO League Atlantic 2017"]
[Site "chess.com INT"]
[Date "2017.01.25"]
[Round "3"]
[White "Li, Chao b"]
[Black "Pichot, Alan"]
[Result "1-0"]
[WhiteTitle "GM"]
[BlackTitle "GM"]
[WhiteElo "2720"]
[BlackElo "2548"]
[WhiteTeam "Montreal ChessBrahs"]
[BlackTeam "Buenos Aires Krakens"]
[WhiteFideId "8604436"]
[BlackFideId "110973"]
[EventDate "2017.01.11"]

1. d4 Nf6 2. c4 g6 3. Nc3 Bg7 4. e4 d6 5. h3 O-O 6. Bg5 Qe8 7. Nf3 e5 8. dxe5
dxe5 9. Be2 Na6 10. O-O Nc5 11. Qc2 Ne6 12. Be3 Nh5 13. Rfd1 Nhf4 14. Bf1 c6 15.
c5 Qe7 16. Rd6 f5 17. Rad1 Kh8 18. b4 Nh5 19. Bc4 f4 20. Bxe6 Bxe6 21. Bc1 Rae8
22. b5 g5 23. bxc6 bxc6 24. Rxc6 g4 25. hxg4 Bxg4 26. Nd5 Qf7 27. Ng5 Qg8 28. f3
Bd7 29. Rc7 Bh6 30. Rxd7 Qxg5 31. g4 Ng3 32. c6 Bg7 33. c7 h5 34. Qh2 Bh6 35.
Qxg3 fxg3 36. Bxg5 Bxg5 37. gxh5 1-0

[Event "PRO League Atlantic 2017"]
[Site "chess.com INT"]
[Date "2017.01.25"]
[Round "3"]
[White "Sanhueza, Cristian"]
[Black "Li, Chao b"]
[Result "0-1"]
[BlackTitle "GM"]
[WhiteElo "2257"]
[BlackElo "2720"]
[WhiteTeam "Buenos Aires Krakens"]
[BlackTeam "Montreal ChessBrahs"]
[WhiteFideId "116815"]
[BlackFideId "8604436"]
[EventDate "2017.01.11"]

1. e4 b6 2. d4 Bb7 3. Nc3 e6 4. a3 Nf6 5. Bd3 c5 6. Nf3 cxd4 7. Nxd4 Bc5 8. Be3
d6 9. O-O O-O 10. Kh1 Nc6 11. Nxc6 Bxc6 12. Qe2 Qc7 13. Bxc5 bxc5 14. f4 Rfd8
15. e5 Nd5 16. exd6 Qxd6 17. Ne4 Qe7 18. f5 exf5 19. Rxf5 g6 20. Nf6+ Kg7 21.
Nh5+ Kf8 22. Qd2 Qe3 23. Qxe3 Nxe3 24. Rxc5 Rac8 25. Nf4 Nxg2 26. Rxc6 Nxf4 27.
Rxc8 Rxc8 28. Rd1 Nxd3 29. Rxd3 Rxc2 30. b4 Ra2 31. Kg1 Kg7 32. b5 h5 33. h4 Rb2
34. a4 Rb4 35. Rd7 Rxa4 36. Kg2 Rxh4 37. Rxa7 Rb4 38. Rb7 g5 39. Kf3 h4 40. b6
g4+ 41. Kf2 Rb2+ 42. Ke3 h3 0-1

[Event "PRO League Atlantic 2017"]
[Site "chess.com INT"]
[Date "2017.01.25"]
[Round "3"]
[White "Katz, Alexander R"]
[Black "Giannatos, Peter"]
[Result "1/2-1/2"]
[WhiteTitle "IM"]
[WhiteElo "2335"]
[BlackElo "2284"]
[WhiteTeam "New Jersey Knockouts"]
[BlackTeam "Carolina Cobras"]
[WhiteFideId "2039796"]
[BlackFideId "2041650"]
[EventDate "2017.01.11"]

1. e4 e6 2. d4 d5 3. Nc3 Nf6 4. Bg5 Be7 5. e5 Nfd7 6. Bxe7 Qxe7 7. f4 O-O 8. Nf3
c5 9. Nb5 Nc6 10. Bd3 f6 11. c3 a6 12. Nd6 cxd4 13. cxd4 Nxd4 14. Nxd4 fxe5 15.
fxe5 Nxe5 16. Bxh7+ Kxh7 17. Qh5+ Kg8 18. Qxe5 Qc7 19. Rf1 Bd7 20. Rf3 Qc5 21.
Rc3 Qb4 22. O-O-O Rf2 23. Nc2 Qa4 24. Qd4 Rxg2 25. Qxa4 Bxa4 26. b3 Bc6 27. Re1
Rf8 28. Rg3 Rxh2 29. Reg1 Rh7 30. Rg6 Rf2 31. Nd4 Kf8 32. Nxe6+ Ke7 33. Nxg7
Rhh2 34. Ngf5+ Kd8 35. Ne3 Rxa2 36. R6g2 Rhxg2 37. Rxg2 Rxg2 38. Nxg2 a5 39. Ne3
b5 40. Ndf5 b4 41. Nd4 Be8 42. Ne6+ Ke7 43. Nc5 Kd6 44. Nb7+ Ke5 45. Nxa5 Kd4
46. Kd2 Bb5 47. Nb7 Bc4 48. Na5 Bxb3 49. Nxb3+ Ke5 50. Kd3 d4 51. Nc4+ Kf4 52.
Ncd2 Kf5 53. Kxd4 Kf4 54. Nc4 Kf5 55. Ne3+ Kf4 56. Nd5+ Kf5 57. Nc7 Kf4 58. Ne6+
Kf5 59. Nec5 Kf4 60. Nd3+ Kf5 61. Ke3 Ke6 62. Ke4 Kd6 63. Nf4 Kc6 64. Ke5 Kb5
65. Kd5 Kb6 66. Ne6 Kb7 67. Kd6 Kb6 68. Ned4 Kb7 69. Nf5 Kb6 70. Ne7 Kb5 71. Kd5
Ka4 72. Kc4 Ka3 73. Nd5 Kb2 74. Ne3 Kb1 75. Kd3 Kb2 76. Kc4 Kb1 77. Nd1 Kc2 78.
Nf2 Kb2 79. Ng4 Kc2 80. Ne3+ Kb2 81. Nd1+ Kc2 82. Nf2 Kb2 83. Nd3+ Kc2 84. Nf4
Kb2 85. Ne6 Kc2 86. Ned4+ Kd1 87. Kd3 Ke1 88. Ke3 Kd1 89. Kd3 Ke1 90. Ke3 Kd1
91. Kf3 Ke1 92. Kg2 Kd1 93. Kg3 Ke1 94. Kf4 Kf2 95. Ke4 Kg3 96. Ke3 Kg4 97. Ke4
Kg5 98. Kf3 Kg6 99. Kg4 Kf6 100. Kf4 Kg6 101. Nf3 Kf6 102. Ng5 Kg6 103. Kg4 Kf6
104. Kh5 Kf5 105. Kh4 Kf4 106. Ne6+ Kf5 107. Ned4+ Kf4 108. Kh3 Kg5 109. Kg3 Kf6
110. Kf4 Kg6 111. Nf3 Kf6 112. Ne5 Ke6 113. Ng4 Kf7 114. Kf5 Kg7 115. Ne5 Kf8
116. Kf6 Ke8 117. Ke6 Kd8 118. Ng4 Ke8 1/2-1/2

[Event "PRO League Atlantic 2017"]
[Site "chess.com INT"]
[Date "2017.01.25"]
[Round "3"]
[White "Katz, Alexander R"]
[Black "Wang, Tianqi"]
[Result "0-1"]
[WhiteTitle "IM"]
[WhiteElo "2335"]
[BlackElo "2199"]
[WhiteTeam "New Jersey Knockouts"]
[BlackTeam "Carolina Cobras"]
[WhiteFideId "2039796"]
[BlackFideId "2063824"]
[EventDate "2017.01.11"]

1. e4 e6 2. d4 d5 3. Nc3 Bb4 4. e5 c5 5. a3 Bxc3+ 6. bxc3 Qa5 7. Bd2 Qa4 8. Qg4
g6 9. Ra2 Nc6 10. Nf3 c4 11. Qf4 h6 12. h4 Bd7 13. Nh2 Rh7 14. Ng4 O-O-O 15. Be2
Rf8 16. O-O Qa5 17. Rb1 Qd8 18. Qg3 g5 19. hxg5 hxg5 20. a4 b6 21. Bc1 Rg7 22.
Ba3 Re8 23. Bd6 Na5 24. Qf3 Kb7 25. Bb4 Nc6 26. a5 b5 27. a6+ Ka8 28. Bc5 Nb8
29. Ne3 Bc6 30. g4 f6 31. Qg3 Nd7 32. exf6 Ngxf6 33. Qd6 Qc8 34. Bf3 Ree7 35.
Rab2 Ne8 36. Qg3 Nxc5 37. dxc5 Nc7 38. Qd6 Nxa6 39. Ra1 Nb8 40. Rba2 Rb7 41. Nf1
Rgf7 42. Bg2 Rf4 43. Ng3 Qc7 44. Qxc7 Rxc7 45. f3 a6 46. Ne2 Rf6 47. Nd4 Kb7 48.
Re1 Re7 49. Re5 Rg6 50. Nf5 Rh7 51. Nd6+ Kc7 52. Re2 Nd7 53. Rxa6 Nxc5 54. Ra7+
Nb7 55. Nxb7 Bxb7 56. Ra1 Kb6 57. Rae1 Bc8 58. Kf2 Kc5 59. Kg3 Ra7 60. Re3 Bd7
61. R1e2 Ra1 62. Re5 Ra3 63. R5e3 Kd6 64. Rd2 Bc6 65. Kf2 e5 66. Re1 Re6 67. Re3
Kc5 68. Bf1 Ra8 69. Rd1 Rae8 70. Rde1 Bd7 71. R3e2 d4 72. cxd4+ exd4 73. Rxe6
Rxe6 74. Ra1 Bc6 75. Ra7 Bd5 76. Rc7+ Kb4 77. Rg7 Re5 78. Rd7 Kc3 79. Kg3 Kxc2
80. Rd8 d3 81. f4 gxf4+ 82. Kxf4 Re4+ 83. Kf5 Bc6 84. Bg2 Re8 85. Rxe8 Bxe8 86.
Be4 Kc1 0-1

[Event "PRO League Atlantic 2017"]
[Site "chess.com INT"]
[Date "2017.01.25"]
[Round "3"]
[White "Shen, Christopher Y"]
[Black "Cheng, Bindi"]
[Result "1-0"]
[WhiteTitle "CM"]
[BlackTitle "IM"]
[WhiteElo "2165"]
[BlackElo "2397"]
[WhiteTeam "Columbus Cardinals"]
[BlackTeam "Toronto Dragons"]
[WhiteFideId "2090635"]
[BlackFideId "2682249"]
[EventDate "2017.01.11"]

1. e4 c5 2. Nc3 g6 3. g3 Bg7 4. Bg2 Nc6 5. d3 e6 6. f4 Nge7 7. Nf3 O-O 8. Be3 d6
9. O-O b6 10. Qd2 Bb7 11. Nd1 Qd7 12. c3 f5 13. Bf2 Rad8 14. Re1 fxe4 15. dxe4
d5 16. exd5 exd5 17. Ng5 Rf6 18. Ne3 d4 19. cxd4 Nxd4 20. Qc3 Bxg2 21. Kxg2 Qb7+
22. Kg1 Rxf4 23. Qc4+ Nd5 24. gxf4 b5 25. Nxd5 bxc4 26. Ne7+ Kf8 27. Nxh7+ Ke8
28. Nxg6+ Kf7 29. Re7+ Qxe7 30. Nxe7 Kxe7 31. Bh4+ Kd7 32. Bxd8 Kxd8 33. Kf2 Kc7
34. Ng5 Kc6 35. Rc1 Kb5 36. Nf7 Nf5 37. Ne5 1-0

[Event "PRO League Atlantic 2017"]
[Site "chess.com INT"]
[Date "2017.01.25"]
[Round "3"]
[White "Shen, Christopher Y"]
[Black "Sambuev, Bator"]
[Result "0-1"]
[WhiteTitle "CM"]
[BlackTitle "GM"]
[WhiteElo "2165"]
[BlackElo "2539"]
[WhiteTeam "Columbus Cardinals"]
[BlackTeam "Toronto Dragons"]
[WhiteFideId "2090635"]
[BlackFideId "4128290"]
[EventDate "2017.01.11"]

1. e4 e5 2. Nf3 d6 3. Nc3 Nf6 4. d4 Nbd7 5. Bc4 Be7 6. dxe5 dxe5 7. O-O O-O 8.
Bg5 c6 9. Bb3 Qc7 10. Qe2 Nc5 11. h3 a5 12. a3 Nxb3 13. cxb3 Be6 14. Qc2 Rfe8
15. Bh4 Nh5 16. Bxe7 Rxe7 17. Ne2 Qb6 18. Nd2 Rd8 19. Nc4 Qc5 20. Rac1 Red7 21.
Rfd1 g6 22. Rxd7 Rxd7 23. Qc3 Bxc4 24. bxc4 a4 25. Qc2 Kg7 26. Nc3 Qxc4 27. Nxa4
Qb5 28. Nc5 Rd4 29. b4 Nf4 30. Re1 b6 31. Nb3 Rd6 32. Kh2 Qd3 33. Qxd3 Rxd3 34.
Rb1 b5 35. Rb2 Ne6 36. g3 f5 37. exf5 gxf5 38. Kg2 Kf6 39. Kf1 f4 40. Ke2 Rxb3
41. Rxb3 Nd4+ 42. Kd3 Nxb3 43. gxf4 Kf5 44. fxe5 Kxe5 45. Ke3 Nd4 46. f4+ Kd5
47. Kd3 Nf5 48. Kc3 Ke4 49. Kd2 Kxf4 50. Kd3 h5 51. Ke2 h4 52. Kf2 Nd4 0-1